Geografía popular en un mapa - Estadísticas

Estadísticas generales
  • Esta prueba ha sido intentada 20.806 veces
  • La puntuación promedio es 157 de 200
Respuestas en el mapa
Las respuestas están codificadas por una escala verde-roja en el mapa de la prueba según el % correcto abajo.
 
Estadísticas de respuestas
Tipo Respuesta % Correcto
Idioma Alemán
94%
País Brasil
94%
País Estados Unidos
94%
País Italia
94%
País México
94%
País Canadá
93%
País Argentina
92%
País Chile
92%
País España
92%
País Francia
92%
Capital | Subdivisión Madrid
92%
Continente Oceanía
92%
País Rusia
92%
País China
91%
País Reino Unido
91%
País Alemania
90%
País Australia
90%
País Colombia
90%
País Perú
90%
País Portugal
90%
País Uruguay
90%
País India
89%
País Japón
89%
País Venezuela
89%
País Bolivia
88%
País Irlanda
88%
País Islandia
88%
País Noruega
88%
País Paraguay
88%
Subdivisión Alaska
87%
Ciudad Barcelona
87%
Capital | Subdivisión Buenos Aires
87%
País Dinamarca
87%
País Ecuador
87%
País Egipto
87%
Idioma Español
87%
Capital Londres
87%
País Marruecos
87%
Capital París
87%
País Suecia
87%
País Corea del Sur
86%
País Finlandia
86%
Idioma Francés
86%
Capital Lisboa
86%
Capital Roma
86%
País Sudáfrica
86%
Subdivisión California
85%
Capital Ciudad de Panamá
85%
País Corea del Norte
85%
País Cuba
85%
País Grecia
85%
País Madagascar
85%
Idioma Mandarín
85%
Capital Moscú
85%
País Panamá
85%
País Polonia
85%
País Suiza
85%
Capital Tokio
85%
País Turquía
85%
País Ucrania
85%
País Andorra
84%
Capital Argel
84%
País Austria
84%
Capital Brasilia
84%
Idioma Italiano
84%
País Mongolia
84%
Idioma Portugués
84%
Subdivisión Texas
84%
País Arabia Saudita
83%
Capital Berlín
83%
Capital Ciudad de México
83%
País Lituania
83%
Ciudad | Subdivisión Nueva York
83%
País República Checa
83%
País Argelia
82%
País Bielorrusia
82%
País Estonia
82%
País Guyana
82%
Subdivisión Inglaterra
82%
Idioma Inglés
82%
País Letonia
82%
Capital Lima
82%
País Nueva Zelanda
82%
Idioma Ruso
82%
Capital Santiago
82%
Subdivisión Washington
82%
Capital Washington D.C.
82%
País Croacia
81%
Capital Dublin
81%
Subdivisión Florida
81%
País Indonesia
81%
País Irán
81%
Capital Pekín
81%
Continente África
80%
Continente Asia
80%
País Bélgica
80%
Capital Bogotá
80%
Continente Europa
80%
País Honduras
80%
País Irak
80%
Capital Oslo
80%
País Países Bajos
80%
País Rumania
80%
Continente América del Norte
79%
Continente América del Sur
79%
Capital Caracas
79%
País Eslovaquia
79%
País Hungría
79%
País Kazajistán
79%
País Nicaragua
79%
País República del Congo
79%
País Túnez
79%
País Albania
78%
Capital Atenas
78%
País Ciudad del Vaticano
78%
País Costa Rica
78%
País El Salvador
78%
País Eslovenia
78%
País Guatemala
78%
País Mónaco
78%
País Pakistán
78%
País Rep. Dem. Congo
78%
País República Dominicana
78%
Ciudad Río de Janeiro
78%
Capital Seúl
78%
País Bulgaria
77%
Capital El Cairo
77%
País Filipinas
77%
País Serbia
77%
País Vietnam
77%
País Yemen
77%
País Afganistán
76%
Capital Ámsterdam
76%
País Bosnia y Herzegovina
76%
Idioma Catalán
76%
País Haití
76%
País Libia
76%
País San Marino
76%
Ciudad Sevilla
76%
País Sudán
76%
País Tailandia
76%
Capital Bruselas
75%
País Emiratos Árabes Unidos
75%
País Macedonia del Norte
75%
Mar Mar Caribe
75%
Mar Mar Mediterráneo
75%
País Montenegro
75%
País Níger
75%
Subdivisión País Vasco
75%
Ciudad Valencia
75%
País Kosovo
74%
Ciudad Los Ángeles
74%
Capital Montevideo
74%
País Papúa Nueva Guinea
74%
Ciudad Miami
73%
País Nigeria
73%
Continente Antártida
72%
Capital Nueva Delhi
72%
Subdivisión Galicia
71%
País Luxemburgo
71%
País antiguo Unión Soviética
71%
País Uzbekistán
71%
Subdivisión Andalucía
70%
País Kenia
70%
Capital La Habana
70%
Capital Ottawa
70%
Ciudad Sidney
70%
Subdivisión Cataluña
69%
País Chipre
69%
País Israel
69%
Ciudad Milán
69%
Capital Reikiavik
69%
Subdivisión Castilla y León
68%
País Catar
68%
Mar Mar Negro
68%
País Turkmenistán
67%
Subdivisión Nuevo México
66%
Ciudad Bilbao
65%
País Jamaica
65%
Ciudad Málaga
65%
Idioma Vasco
63%
País Zambia
63%
Ciudad Murcia
62%
Ciudad Venecia
62%
País Zimbabue
62%
Subdivisión Islas Canarias
61%
Ciudad Nápoles
61%
Subdivisión Baja California
60%
País antiguo Checoslovaquia
60%
Ciudad Zaragoza
60%
Capital Andorra la Vieja
57%
Ciudad Palma de Mallorca
49%
Subdivisión Córdoba
48%
Subdivisión Hawái
48%
País antiguo Alemania Oriental
46%
País antiguo Austria-Hungría
37%
Ciudad La Plata
36%
No se encontraron pruebas coincidentes
Distribución de puntuación
Porcentaje de gente con cada puntuación
Porcentaje por número respondido
Historial de tus puntuaciones
No has intentado esta prueba.